It looks like you're offline.
Open Library logo
additional options menu

MARC record from Internet Archive

LEADER: 03861cam 2200925 a 4500
001 ocm70230857
003 OCoLC
005 20191103215911.0
008 060614m20062010caua 6 000 1 eng d
010 $a 2006277818
040 $aIMF$beng$cDLC$dIMF$dBAKER$dYDXCP$dGZG$dUKMGB$dOCLCQ$dD8D$dEEM$dOCLCO$dOCLCF$dOCLCQ$dOCLCO$dJTQ$dOCLCA$dUIU$dOCLCO$dOCL
015 $aGBA775549$2bnb
016 7 $a013950808$2Uk
019 $a437024575$a927807519$a1062044142
020 $a1598161539$q(pbk.)
020 $a9781598161533$q(pbk ;$qv. 1)
020 $a9781598161540$q(pbk. ;$qv. 2)
020 $a1598161547$q(pbk. ;$qv. 2)
020 $a9781598161564$q(pbk. ;$qv. 3)
020 $a1598161563$q(pbk. ;$qv. 3)
020 $a9781598161557
020 $a1598161555
020 $a9781598161571
020 $a1598161571
020 $a9781427804556
020 $a1427804559
020 $a9781427807700
020 $a1427807701
020 $a9781427813121$q(pbk ;$qv. 8)
020 $a1427813124
024 3 $a9781598161533
035 $a(OCoLC)70230857$z(OCoLC)437024575$z(OCoLC)927807519$z(OCoLC)1062044142
041 1 $aeng$hjpn
042 $alccopycat
043 $aa-ja---
050 00 $aPN6790.J34$bG3813 2006
082 00 $a741.5$222
100 1 $aTachibana, Yutaka.
240 10 $aGatchagacha.$lEnglish
245 10 $aGatcha gacha /$cby Yutaka Tachibana ; [translation, Adrienne Beck ; English adaptation, Jamie S. Rich].
260 $aLos Angeles, CA :$bTokyopop,$c2006-2010.
300 $a8 volumes :$bchiefly illustrations ;$c19 cm.
336 $atext$btxt$2rdacontent
336 $astill image$bsti$2rdacontent
337 $aunmediated$bn$2rdamedia
338 $avolume$bnc$2rdacarrier
490 1 $aGatcha gacha
500 $aCover title.
500 $a"First published in Japan in 2002 by Hakusensha ... Tokyo"--Vol 1, p. [4].
521 1 $aTeen age 13+
520 $a"Yuri has a big crush on Yabe, but Yabe has decided the only girl he will ever seriously date is Motoko. So what's the problem? Yuri and Motoko are friends, and Motoko doesn't want to have anything to do with Yabe! But is she secretly harboring a crush on him, too? Will they every get this mess straightened out?"--Page 4 of cover.
650 0 $aHigh school students$zJapan$vComic books, strips, etc.
650 0 $aComic books, strips, etc$zJapan$vTranslations into English.
650 0 $aGraphic novels$zJapan$vTranslations into English.
650 7 $aHigh school students.$2fast$0(OCoLC)fst00956174
650 7 $aComic books, strips, etc.$2fast$0(OCoLC)fst00869145
650 7 $aGraphic novels.$2fast$0(OCoLC)fst00946656
651 7 $aJapan.$2fast$0(OCoLC)fst01204082
655 7 $aTranslations.$2fast$0(OCoLC)fst01423791
655 7 $aRomance comic books, strips, etc.$2fast$0(OCoLC)fst01726726
655 7 $aComic books, strips, etc.$2fast$0(OCoLC)fst01423722
655 0 $aRomance comic books, strips, etc.
655 7 $aGraphic novels.$2fast$0(OCoLC)fst01726630
655 7 $aGraphic novels.$2lcgft
655 4 $aManga (Comic books, strips, etc.)
700 1 $aBeck, Adrienne,$etranslator.
700 1 $aRich, Jamie S.
830 0 $aGatcha gacha.
938 $aBaker & Taylor$bBKTY$c9.99$d7.49$i1598161539$n0006591816$sactive
938 $aBaker & Taylor$bBKTY$c9.99$d7.49$i1598161547$n0006717753$sactive
938 $aBaker & Taylor$bBKTY$c9.99$d7.49$i1598161555$n0006910021$sactive
938 $aBaker & Taylor$bBKTY$c9.99$d7.49$i1598161563$n0006927444$sactive
938 $aBaker & Taylor$bBKTY$c19.30$d.00$i1417754796$n0007453053$sactive
938 $aYBP Library Services$bYANK$n3041922
029 1 $aAU@$b000040465480
029 1 $aNZ1$b10894713
029 1 $aUNITY$b117642436
029 1 $aUKMGB$b013950808
994 $aZ0$bP4A
948 $hNO HOLDINGS IN P4A - 57 OTHER HOLDINGS